Loading...
Rural proletarian strugglers : mobilization and organization of rural workers in south - west india
| Main Author: | |
|---|---|
| Format: | Printed Book |
| Language: | Undetermined English |
| Published: |
New Delhi
Oxford University Press
1989
|
| Subjects: |
| LEADER | 00635nam a2200181Ia 4500 | ||
|---|---|---|---|
| 008 | 140306s9999 xx 000 0 und d | ||
| 020 | |a 0 19 56211 66 | ||
| 041 | |a eng | ||
| 082 | |a 305 .562 |b KAN/RU | ||
| 100 | |a Kannan, K P | ||
| 245 | |a Rural proletarian strugglers : mobilization and organization of rural workers in south - west india | ||
| 260 | |a New Delhi |b Oxford University Press |c 1989 | ||
| 300 | |a 387 | ||
| 365 | |b Rs .240 | ||
| 650 | |a Labour unions | ||
| 942 | |2 ddc |c BK | ||
| 999 | |c 182851 |d 182851 | ||
| 952 | |0 0 |1 0 |2 ddc |4 0 |6 305_000000000000000__562_KAN_RU |7 0 |9 188598 |a KAUCBV |b KAUCBV |g 240.00 |o 305 .562 KAN/RU |r 2014-03-22 |w 2014-03-22 |y BK | ||